| 000 | 01924cam a22005054i 4500 | ||
|---|---|---|---|
| 003 | PE-LiUPU | ||
| 005 | 20250731173006.0 | ||
| 008 | 150623s r 000 0 d | ||
| 020 | _a0805420177 | ||
| 035 | _a(Sirsi) i9780805420173 | ||
| 040 |
_aPE-LiUPU _bspa _cPE-LiUPU _erda |
||
| 049 | _aPRUA | ||
| 082 | 0 | 4 |
_a254 _bM12I _221 |
| 100 | 1 |
_aMartin, Glen, _d1953-, _eautor. |
|
| 245 | 1 | 4 |
_aThe Issachar factor : _bunderstanding trends that confront your church and designing a strategy for success / _cGlen Martin y Gary McIntosh. |
| 264 | 1 |
_aNashville, Tennessee : _bBroadman & Holman Publishers, _c1994. |
|
| 300 |
_a207 páginas : _bilustraciones, cuadros, gráficos ; _c23 centímetros |
||
| 336 |
_atext _2rdacontent |
||
| 337 |
_aunmediated _2rdamedia |
||
| 338 |
_avolume _2rdacarrier |
||
| 490 | 0 | _aA Professional Development Book | |
| 504 | _aBibliografía al final de cada cápitulo. | ||
| 505 | 0 | _aMinistry.- Prayer.- Worship.- Leadership.- administration.- Staffing.- Outreach.- Assimilation.- Children`s Ministry.- Youth Ministry.- Single`s Ministry.- Christian Education.- Good News.- Bad News. | |
| 526 | _aSEG42 | ||
| 526 | _aSEG41 | ||
| 526 | _aSEG40 | ||
| 526 | _aSEG39 | ||
| 526 | _aP94 | ||
| 526 | _aP87 | ||
| 526 | _aP86 | ||
| 526 | _aP85 | ||
| 526 | _aP77 | ||
| 526 | _aP76 | ||
| 526 | _aP35 | ||
| 650 | 0 | 4 | _aCrecimiento de iglesia. |
| 650 | 0 | 4 | _aLiderazgo cristiano. |
| 650 | 0 | 4 |
_aTeología pastoral. _91381 |
| 700 | 1 |
_aMcIntosh,Gary, _d1947-, _eautor. |
|
| 942 |
_2ddc _cBOOK |
||
| 949 |
_a254 M12I _wDEWEY _c1 _i45694 _lCCODEBUL1 _mBUL _r0 _sY _tBOOK _u2015-6-24 _xTEOLOGIA _PP35 _0COMPRA _o.STAFF. Colección General |
||
| 994 |
_aC0 _bPEPRU |
||
| 596 | _a1 | ||
| 999 |
_a254 M12I _wDEWEY _c22573 _i45694 _f2021-11-10 _g5 _lCCODEBUL1 _mBUL _r0 _sY _tBOOK _u2015-6-24 _xTEOLOGIA _PP35 _0COMPRA _o.STAFF. Colección General _d22573 |
||
| 980 |
_81 _gALBERTO SANCHEZ Responsable de Automatización |
||